000 00540nam a2200181Ia 4500
005 20250508161707.0
008 008 250505s9999 xx 000 0 eng d
037 _aTextual
040 _aFEDL
_beng
_cFEDL
041 _aeng
_2eng
084 _a610.7, BOW
_qFEDL
100 _aBowers John Z Ed.
_9771362
245 0 _aMedical schools for the modern world : Report of a macy conference
260 _aLondon, UK
_bThe Johns Hopkins Press
_c1970
300 _a257p.
942 _cTEXL
_h610.7, BOW
999 _c1371586
_d1371586